Around the boree log and other verses

Αποθηκεύτηκε σε:
Λεπτομέρειες βιβλιογραφικής εγγραφής
Κύριος συγγραφέας: O'Brien, John, 1878-1952
Μορφή: Βιβλίο
Γλώσσα:English
Δημοσίευση: Sydney : Angus and Robertson, 1973.
Θέματα:
Ετικέτες: Προσθήκη ετικέτας
Δεν υπάρχουν, Καταχωρήστε ετικέτα πρώτοι!

MARC

LEADER 00000cam a2200000 a 4500
001 1/123637
008 211005s1973####nbua|||||| |||| ||eng||
020 |a 0207187799 
040 |a GR-MyUa  |b gre  |c GR-MyUa  |e AACR2 
041 0 |a eng 
082 7 |a 821  |2 (23) 
100 1 |a O'Brien, John,   |d 1878-1952. 
245 1 0 |a Around the boree log and other verses /   |c John O'Brien.  
260 |a Sydney :   |b Angus and Robertson,   |c 1973.  
300 |a 249 σ. ;   |c 20 εκ.  
651 1 |a Ireland  |x Poetry. 
852 |a INST  |b LESVOS  |e 20211005  |h 821 OBR  |p 005100063148  |q 005100063148  |t BK  |y 0 
970 |a Καμάτσου  |b Δέσποινα  |z 06-10-21